000 01742nam a2200229Ia 4500
003 Ost
005 20260507075754.0
008 260507s9999||||xx |||||||||||||| ||und||
020 _a9789931140290
040 _cfsecg
041 _aara
082 _a338.4
100 _aرزوق، ابتسام
_eمؤلف
245 0 _aالتنافسية القطاعية :
_bدراسة تحليلية لقطاع الصناعات الغذائية /
_c ابتسام رزوق
260 _aالجزائر :
_bدار الأجيال الرقمي,
_c2023
300 _a373 صفحة؛
_bإيضاحات ؛
_c24 سم
504 _aمراجع ص.318-336
520 _aيهدف هذا الكتاب إلى عرض وتحليل أهم المرتكزات النظرية لتقييم التنافسية عامة والتنافسية القطاعية على وجه الخصوص. كما يقدم الكتاب دراسة تطبيقية لقطاع الصناعات الغذائية في الجزائر من خلال قياس دقيق لمؤشرات تنافسية القطاع على المستويين المحلي والدولي خلال فترة عشر سنوات بين سنتي 2008 و 2018 من خلال ست مؤشرات.كما تم لتحليل سلوك القطاع المدروس عبر عشرين سنة بين سنتي 2000 و 2019 باستخدام طريقة التحليل العاملي باستخدام برنامج التحليل الاحصائي pss. يهدف تحديد أهم المحددات المتحكمة في تنافسية قطاع الصناعات الغذائية الجزائري وكذا أهميته في الإقتصاد الوطني.
653 _aالأغذية الصناعية
653 _aالمنافسة
942 _cكتاب
999 _c46237
_d46237